000 00678nam a2200181 a 4500
001 000039539
005 20201002031708.0
008 130705s2000 dr 000 0 spa d
040 _aDO-SdBNP
_bspa
_cBNPHU
100 1 _aGonzález, Carlisle
_937420
245 1 0 _aIntroducción a la lingüística general /
_cCarlisle González, Celso J. Benavides.
260 _aSanto Domingo :
_bUniversidad Autónoma de Santo Domingo,
_c2000.
300 _a363 p. ;
_c22 cm.
490 1 _aUniversidad Autónoma de Santo Domingo
_v471
490 1 _aLinguistica y Sociedad
_vno. 1
830 0 _aUniversidad Autónoma de Santo Domingo
_v471
_917164
830 0 _aLinguistica y Sociedad
_nno. 1
_937898
999 _c39029
_d39029